000 00573 a2200157 4500
020 _a 8120317106
040 _aDLC
_bDLC
082 _a621.3845
100 _aPandya, Raj.
245 _aMobile and personal communication services and systems
_cRaj, Pandya.
260 _a New York :
_bInstitute of Electrical and Electronics Engineers,
_cc2000.
300 _a xvii, 334 p. :
_b ill. ;
_c 24 cm.
500 _aIncludes bibliographical references and index
650 _a1.Personal communication service systems. 2.Mobile communication systems.
942 _cBK
_k621.3845 PAN
_2ddc
999 _c8339
_d8339